La iglesia de la catedral y de la cruzada
Spremljeno u:
| Glavni autor: | |
|---|---|
| Format: | Knjiga |
| Jezik: | španjolski |
| Izdano: |
Barcelona
Luis de Caralt
1956
|
| Teme: | |
| Oznake: |
Dodaj oznaku
Bez oznaka, Budi prvi tko označuje ovaj zapis!
|
MARC
| LEADER | 00000nam a2200000 a 4500 | ||
|---|---|---|---|
| 001 | UCL2602 | ||
| 003 | CL-VaPUC | ||
| 008 | 031031e19560000SP |||||||||||||||||spa|d | ||
| 082 | 0 | 4 | |a 270.5 |b ROP |2 21 |
| 100 | 0 | |a Rops, Daniel |e author |9 479726 | |
| 245 | 1 | 3 | |a La iglesia de la catedral y de la cruzada |
| 300 | |a 792 p | ||
| 942 | |c BK | ||
| 945 | |d 20031031 00:00:00 |a rbrito | ||
| 260 | |a Barcelona |b Luis de Caralt |c 1956 | ||
| 650 | 0 | |a Cristianismo |9 257361 | |
| 650 | 0 | |a Iglesia Católica |9 256114 | |
| 650 | 0 | |a Edad media |9 258041 | |
| 650 | 0 | |a Renacimiento |9 255107 | |
| 650 | 7 | |a CISMA |2 CL-VaPUC |9 399549 | |
| 583 | |a last modification |c 20031031 00:00:00 |k Rodrigo Vera | ||
| 999 | |c 305876 |d 305874 | ||
| 952 | |0 0 |1 0 |4 0 |6 270_500000000000000_ROP_1956 |7 0 |8 A |9 370377 |a BIBTEO |b BIBTEO |d 2019-11-21 |i 2085232 |o 270.5 ROP 1956 |p 2085232 |r 2025-01-17 |w 2019-11-21 |y BK |k ICR | ||